000
00298nam a22001337a 4500
008
171010b xxu||||| |||| 00| 0 eng d
020
_a
9780449907467
041
_a
eng
080
_a
316
100
_a
50
101
_a
SOC
245
_a
IN THE WAKE OF THE GODDESSES
_c
KENSKY,T.F
942
_2
udc
_c
BK
999
_c
32791
_d
32791